00409nam a2200145Ia 4500008004100000041000800041082002500049100002000074245004200094260003500136300000800171365001600179700001800195710005000213230312s9999 xx 000 0 und d aeng a658b658/She/033361  aShejwalkar P.C. aPrinciples and Practice of Management c2009bEverest Publishing House a130 cRs.b235.00 aBhivpathakiD. aShejwalkar P.C., Ghanekar A. & Bhivpathaki D.